000 00497nam a2200157 i 4500
001 23565
003 ES-MaACL
005 20230906152909.0
007 t|
008 021211s1893 sp ||||1| spa d
100 1 _aAlvarez Cabrera, José.
_920717
245 1 3 _aLa guerra en Africa
_b: (apuntes militares sobre el Imperio de Marruecos) /
_cJosé Alvarez Cabrera.
260 _aMadrid :
_bBiblioteca Economica de Cien Militares,
_c1893.
300 _a189 p. ;
_c18 cm.
852 _aES-MaACL
_jD-2594
999 _c23565
_d23565